01294 a2200205 4500003000500000005001700005040000900022082001400031100002900045245009300074260002400167300000900191505056200200600002600762650002500788942001200813999001900825952012200844952012200966Nust20221025153456.0 cNust a621.3,GAN aGangadhar, K. A.9101369 aField theorybfor electrical,electronics and communication engineering / K. A. Gangadhar aKhannabDelhic1987 a428p aIntroduction to Vector Analysis (Page-1), Coulombs Law (Page-26), Static Electric Field –Part.1 (Page-50), Electric Field-Part.2 (Page-114), Divergence and Curl of Vector Fields (Page-159), Magnetic Field (Page-190), Electromagnetic Indication (Page-229), Magnetic Filed of Magnetic Materials (Page-282), Maxwell’s Equation and Travelling Waves (Page-314), Plane Electromagnetic Waves (Page-334), Transmission and Reflection of Plane Wave Of Boundaries (Page-350), Guided Waves (Page-363), Wave Guides (Page-375), Passive Microwave Devices (Page-401). aK A Gangadhar9101370 aField Theory9101371 2ddccBK c180290d180290 00102ddc4070aMCSbMCScGENd2016-12-12o621.3,GANpMCS5350r2016-12-08w2016-12-12yBKzAlmirah No.28, Shelf No.2 00102ddc4070aMCSbMCScGENd2016-12-12o621.3,GANpMCS6764r2016-12-08w2016-12-12yBKzAlmirah No.28, Shelf No.2